000 00285nam a22001337a 4500
008 181011b xxu||||| |||| 00| 0 eng d
020 _a9781305260535
041 _aeng
080 _a004
100 _aSHKI
101 _a28
245 _aAdobe Photoshop
_cEisner, E
942 _2udc
_cBK
999 _c49400
_d49400